Prevention of mass mobidity and disease of newborn calves using a comlex of zoohygienic, organizational and prophylactic measures

Bibliographic Details
Main Authors: Pospíšil, Z. (Author), Menšík, J. (Author), Pšikal, I. (Author)
Format: Article
Language:English
Subjects:

MARC

LEADER 00000nab a2200000 a 4500
001 vtls000166716
003 SK-MaSNL
005 20260318123506.0
008 220422c1982 xo 0 eng
015 |a SNBRA19rr/mm-uuuuu 
035 |a CL0176827 
040 |a SNKBUCL  |b slo  |c SNKBUCL  |e AACR2 
041 0 |a eng 
044 |a xo  |c SK 
080 |a 636.22/.28.053  |2 1981 
080 |a 636.09  |2 1981 
080 |a 614.9  |2 1981 
100 1 |a Pospíšil, Z.  |4 aut  |9 777946 
245 1 0 |a Prevention of mass mobidity and disease of newborn calves using a comlex of zoohygienic, organizational and prophylactic measures  |c Z. Pospíšil, J. Menšík, I. Pšikal 
650 0 7 |a teľatá  |2 snkbucl  |9 2830 
650 0 7 |a veterinárna hygiena  |2 snkbucl  |9 69843 
655 7 |a články zo zborníkov  |2 snkbucl  |9 166140 
700 1 |a Menšík, J.  |4 aut  |9 929294 
700 1 |a Pšikal, I.  |4 aut  |9 777997 
773 0 |t Fourth international congress of animal hygiene  |d Bratislava : ÚVO, 1982 
850 |a Slovenská národná knižnica v Martine  |a MTA001 
852 |a SNK  |b KIS3GCP 
958 |a RK 
958 |a ME 
992 |a RZB 
999 |c 2640621  |d 2642551